000 00728nam a2200289Ia 4500
005 20260324123318.0
008 008 260324s9999 xx 000 0 eng d
020 _a9781315564869
037 _aEBOOK
040 _aCRL
040 _beng
040 _cCRL
041 _2eng
041 _aeng
084 _qCRL
100 _aAstrid Stilma
_91169831
245 2 _aA King Translated
245 4 _bThe Writings of King James VI & I and their Interpretation in the Low Countries, 1593–1603
260 _bTaylor and Francis
260 _c2012
365 _a
365 _b255
856 _uhttp://www.taylorfrancis.com/books/9781315564869
942 _cEBOOK
999 _c1763242
_d1763242